Statistics for 15 Saniyede 12 Ay

Click here to take the quiz!

General Stats

  • This quiz has been taken 43 161 times
  • The average score is 8 of 12

Answer Stats

Ay% Correct
Ocak
98%
Şubat
95%
Mart
93%
Nisan
90%
Mayıs
86%
Haziran
78%
Temmuz
68%
Ağustos
51%
Eylül
41%
Ekim
34%
Kasım
27%
Aralık
23%

Score Distribution

Percentile by Number Answered

Percent of People with Each Score

Your Score History

You have not taken this quiz